00411cam a22000977a 4500008004000000082001600040245013700056260005000193300000900243700006100252180718b1974 xxu||||| |||| 00| 0 eng d aQ236x42 Un3 aSocial work support for the health service: report of the working partycby Department of Health and Social Security, United Kingdom aLondonbHer Majesty's Stationery Officec1974 a70p. aUnited Kingdom. Department of Health and Social Security